000 00694nam a2200205 i 4500
001 121387
003 ES-MaACL
005 20230906191739.0
007 t|
008 070214s1948 sp r ||||1| spa d
100 1 _aPla Cargol, Joaquín.
_992486
245 1 0 _aBiografías de gerundenses
_b: (Gerona y sus comarcas) /
_cJoaquín Pla Cargol.
260 _aGerona [etc.] :
_bDalmáu Carles,
_c1948.
300 _a329 p. ;
_c25 cm.
490 1 _aBiblioteca gerundense de estudios e investigaciones
650 4 _aGerundenses-
_xBiografías.
_9170387
830 0 _aBiblioteca gerundense de estudios e investigaciones
_9186505
852 _aES-MaACL
_jD-9023
_bR.26347
999 _c121387
_d121387